000 00253nam a2200097Ia 4500
001 1044573
005 20250826232143.0
008 250824s9999 xx 000 0 und d
245 0 _aBELLEK VE BAŞKA TUZAKALR
_cAYKUT ERTUĞRUL
260 _bKETEBE YAYINLARI
999 _c1044573
_d1044573